000 00512nam a2200205Ia 4500
003 OSt
005 20230417112643.0
008 210423s2004 xx 000 0 und d
020 _a1860649831
040 _cAL
041 _aeng
082 _a823 IRWR
100 _aIRWIN (Robert).
_989267
245 _aArabian nights: a companion.
260 _aNew York
_bTauris Parke Paperbacks
_c2004
300 _axiii,342
_bPB
365 _b1000
_cINR
906 _aArabian ; companion. ; nights:
942 _2ddc
_cBK
999 _c159936
_d159936